Statistics for Big Bang Theory Characters

Click here to take the quiz!

General Stats

  • This quiz has been taken 2,295 times
    (2,291 since last reset)
  • The average score is 7 of 7

Answer Stats

HintAnswer% Correct
WaitressPenny
100%
PhysicistSheldon Cooper
99%
EngineerHoward Wolowitz
98%
Astro-physicistRaj Koothrappali
98%
PhysicistLeonard Hofstadter
96%
NeurobiologistAmy Farrah Fowler
95%
WaitressBernadette Rostenkowski
91%

Score Distribution

Percentile by Number Answered

Percent of People with Each Score

Your Score History

You have not taken this quiz since the last reset